Qui suis-je ? football - Statistiques

Statistiques générales
  • Ce quiz a été pris 1 826 fois
  • Le résultat moyen est 4 sur 5
Statistiques - réponses
Question Réponse % Correct
J'ai 24 ans comme mon meilleur ami qui est également un footballeur. Mon père s'appelle Wilfrid et mon frère Ethan. Mes parents sont camerounais et algériens. Qui suis-je ? Kylian Mbappé
96%
Je suis septuple ballon d'or. On me surnomme la pulga à cause de ma petite taille. Je suis champion du monde et j'ai actuellement 35 ans. Qui suis-je ? Lionel Messi
94%
Je ne suis pas tatoué pour pouvoir faire des dons de sang.J'ai eu 5 ballons d'or dans ma carrière.Je suis actuellement le footballeur le plus riche de la planète. Qui suis-je? Cristiano Ronaldo
93%
Je suis né à Cabinda en Angola. J'ai 20 ans et je suis un footballeur français. Malgré mon jeune âge ,j'ai tout gagné avec le Real Madrid (Mon club). Qui suis-je ? Eduardo Camavinga
88%
J'ai eu mon premier fils à 19 ans et j'attends en ce moment même mon deuzième enfant. Je n'ai pas de ballon d'or ni de Coupe du monde. J'ai 31 ans. Qui suis-je ? Neymar
78%
Aucun quiz correspondant
Distribution des résultats
% des personnes avec chaque résultat
Percentile par nombre de réponses
Votre historique - résultats
Vous n’avez pas pris ce quiz